[Event "CEZ Chess Trophy 2017"]
[Site "Prague"]
[Date "2017.06.17"]
[Round "1.10"]
[White "Ivanchuk, Vassily"]
[Black "Navara, David"]
[Result "1/2-1/2"]
[WhiteElo "2738"]
[BlackElo "2737"]
[Annotator "TA"]
[PlyCount "81"]
[EventDate "2017.??.??"]
[EventType "match"]
[EventCountry "CZE"]
[SourceTitle "playchess.com"]
[Source "ChessBase"]
[SourceQuality "1"]

{[%evp 17,81,38,45,18,20,19,10,14,22,0,12,0,32,14,68,75,76,44,37,28,37,14,49,46,53,53,52,45,83,71,80,71,91,91,92,99,94,57,57,57,57,57,57,57,57,57,57,57,57,57,57,57,57,57,57,57,81,57,57,57,57,57,57,57,57,57]} 1. e4 c5 2. Nf3 d6 3. d4 cxd4 4. Nxd4 Nf6 5. Nc3 a6 6. Be3 Ng4 7. Bc1 Nc6 8. Be2 Nf6 9. Be3 e6 10. g4 {B90: Sicilian Najdorf: Unusual White 6th moves, 6 Be3 Ng4 and 6 Be3 e5} (10. f4 Be7 11. Qd2 Bd7 12. Nb3 b5 13. Bf3 b4 14. Na4 Rb8 15. Qf2 e5 16. O-O-O O-O 17. g3 Bg4 18. Kb1 Qc7 19. Rd2 Bxf3 20. Qxf3 {0-1 (45) Onischuk,V (2608)-Movsesian,S (2680) Minsk 2017}) 10... d5 11. exd5 Nxd5 12. Nxd5 {The position is equal.} Qxd5 13. Rg1 $146 ({Predecessor:} 13. Bf3 Qa5+ 14. c3 Bd7 15. Nxc6 Bxc6 16. Bxc6+ bxc6 17. Qf3 Rc8 {0-1 (58) Sarmiento Afonso,S (2183)-Vega Gutierrez,S (2327) Las Palmas 2012}) 13... Bd7 14. c3 Bd6 15. Nf5 (15. Bf3 $5 {[%cal Rf3d5]} Qe5 16. Qd3 $11) 15... Be5 (15... Qxd1+ $1 $11 16. Rxd1 exf5 17. Rxd6 fxg4) 16. Qxd5 $14 exd5 17. f4 Bxf5 18. gxf5 Bf6 $1 19. O-O-O O-O-O (19... d4 $5 20. cxd4 Ne7 $14) 20. Bb6 $36 {[%mdl 2048] White is pushing.} Rd7 21. Bf3 Ne7 22. Rd3 Nxf5 23. Rxd5 Rxd5 24. Bxd5 Bd8 {[#]} 25. Bxd8 $1 Rxd8 26. Bxf7 $16 {[%mdl 4096] Endgame KRB-KRN} Rd6 27. Bg8 Rh6 $1 28. Rg5 g6 29. Be6+ Kc7 30. Bxf5 gxf5 31. Rxf5 Rxh2 $14 {KR-KR} 32. Rf7+ Kc6 33. f5 h5 34. f6 h4 35. Rh7 Rf2 36. Rxh4 Rxf6 37. Kc2 Rf2+ {White is slightly better.} 38. Kb3 b6 39. a4 a5 40. Rh5 Kb7 41. Rg5 {Precision: White = 64%, Black = 75%.} 1/2-1/2

[Event "CEZ Chess Trophy 2017"]
[Site "Prague"]
[Date "2017.06.17"]
[Round "1.11"]
[White "Navara, David"]
[Black "Ivanchuk, Vassily"]
[Result "1/2-1/2"]
[WhiteElo "2737"]
[BlackElo "2738"]
[Annotator "TA"]
[PlyCount "109"]
[EventDate "2017.??.??"]
[EventType "match"]
[EventCountry "CZE"]
[SourceTitle "playchess.com"]
[Source "ChessBase"]
[SourceQuality "1"]

{[%evp 9,109,22,17,14,18,3,8,0,16,5,10,12,15,8,18,10,14,20,20,10,24,14,17,0,0,0,0,0,15,0,0,0,10,9,29,29,22,8,10,10,12,10,25,0,25,0,52,29,61,61,127,80,53,45,61,0,0,0,0,0,0,0,0,0,0,0,0,0,0,0,26,27,31,36,44,39,94,6,576,0,0,0,0,0,0,0,0,0,0,0,0,0,0,0,0,0,0,0,0,0,0,0]} 1. e4 e5 2. Nf3 Nc6 3. Bb5 Nf6 4. d3 Bc5 5. Bxc6 dxc6 6. Nbd2 {C65: Ruy Lopez: Berlin Defence (3...Nf6), unusual lines and 4 0-0 Bc5} (6. O-O Nd7 7. c3 O-O 8. d4 Bd6 9. Bg5 f6 10. Qb3+ Kh8 11. Bh4 b6 12. Nbd2 Ba6 13. Rfe1 Qe7 14. dxe5 Nxe5 15. Nxe5 Qxe5 {1-0 (46) Eljanov,P (2751)-Radjabov,T (2710) Shamkir 2017}) 6... Nd7 7. Qe2 f6 $146 ({Predecessor:} 7... O-O 8. Nc4 f6 9. Bd2 Nb6 10. Ne3 Be6 11. O-O Nc8 12. c3 a5 13. Rfd1 Nd6 {½-½ (76) Kokarev,D (2636)-Goganov,A (2635) Novosibirsk 2016}) 8. Nc4 Nb6 9. Na5 Bb4+ 10. Bd2 Bxa5 11. Bxa5 c5 12. Nh4 O-O 13. O-O Be6 14. b3 Nc8 {[%cal Bb6c8,Bc8e7,Be7c6,Bc6d4][%mdl 32]} (14... g5 $5 {[%cal Rg5h4]} 15. Nf3 Nc8 $11) 15. g3 Bh3 16. Ng2 Ne7 17. Bc3 Nc6 18. f4 Qd7 19. Rf2 Nd4 20. Bxd4 (20. Qd2 {feels hotter.} Bg4 21. Raf1 exf4 22. Nxf4 b6 23. Bb2) 20... cxd4 21. f5 Bxg2 22. Rxg2 h6 23. h4 Kf7 24. g4 Rh8 25. Kf2 Ke7 26. Rag1 Kd6 27. Qd2 c5 (27... a5 $11) 28. Qa5 b6 29. Qa6 Rh7 ({Black should play} 29... Qc8 $14 30. Qxc8 Raxc8) 30. a4 Qc8 31. Qb5 Qe8 32. g5 (32. Qc4 $14) 32... hxg5 {[#] Threatens to win with ...Qxb5.} 33. hxg5 {Black must now prevent Qc4.} Qxb5 34. axb5 $11 {[%mdl 4096] Endgame KRR-KRR} a6 35. gxf6 gxf6 36. Rg6 Rf7 37. Ra1 a5 38. Rh1 a4 39. bxa4 Rxa4 (39... c4 $5) 40. Rhh6 Ke7 41. Rg8 {[#] Rb8 is the strong threat.} Ra2 42. Rb8 c4 $1 (42... Rxc2+ $2 43. Ke1 $18) 43. Ke1 (43. dxc4 $16 {Hoping for Ke1.} Rxc2+ 44. Ke1) 43... Rxc2 $2 {[%mdl 8192]} (43... c3 $1 $11) 44. dxc4 $2 (44. Rxb6 $18 cxd3 45. Rb7+ Kf8 46. Rh8+ Kg7 47. Rxf7+ Kxh8 48. b6) 44... Kd6 $1 {[%cal Rd6c5] The position is equal.} 45. Rc8 {And now Rc6+ would win.} Rg7 {[%cal Rg7g1]} 46. Kf1 Rgg2 47. Rc6+ Kd7 48. Rh7+ Kd8 49. Rh8+ (49. Rxf6 $5 {[%cal Rf6f8]} Rcf2+ 50. Ke1 Re2+ 51. Kd1 Rd2+ 52. Ke1 Rde2+ 53. Kd1 Rd2+ 54. Kc1 Rc2+ 55. Kd1 Rcd2+ $11) 49... Kd7 50. Rh7+ (50. Rxf6 Rcf2+ 51. Ke1 Ra2 $19) (50. c5 $5 Rcf2+ 51. Ke1 Re2+ 52. Kd1 Rd2+ 53. Ke1 Rge2+ 54. Kf1 Rxe4 55. Rd6+ (55. Rxf6 Rd1+ 56. Kf2 Rd2+ 57. Kf1 Rd1+ 58. Kf2 Rd2+ 59. Kf1 $11) 55... Kc7 56. Rh7+ (56. Rxb6 Rd1+ 57. Kf2 Rd2+ 58. Kf1 Rd1+ 59. Kf2 Rd2+ 60. Kf1 $11) 56... Kc8 57. Rh8+ (57. Rxb6 Rd1+ 58. Kg2 Rd2+ 59. Kf1 Rd1+ 60. Kg2 Re2+ 61. Kf3 Re3+ 62. Kf2 Rd2+ 63. Kf1 Rd1+ 64. Kg2 Rd2+ 65. Kf1 Rd1+ 66. Kg2 Rd2+ 67. Kf1 $11) 57... Kc7 58. Rh7+ (58. Rxb6 Rd1+ 59. Kg2 Re2+ 60. Kf3 Re3+ 61. Kg2 Rd2+ 62. Kf1 Rd1+ 63. Kg2 Rd2+ 64. Kf1 Rd1+ 65. Kg2 $11) 58... Kc8 59. Rxb6 $11) 50... Kd8 51. Rd6+ (51. Rxf6 $5 {[%cal Rf6f8]} Rcf2+ 52. Ke1 Re2+ 53. Kf1 Ref2+ 54. Ke1 Re2+ 55. Kd1 Rd2+ 56. Kc1 Rc2+ 57. Kb1 Rb2+ 58. Kc1 Rbc2+ 59. Kd1 Rcd2+ 60. Ke1 Rde2+ $11) 51... Ke8 {( -> ...Rgf2+)} 52. Rxb6 {[%cal Rb6b8]} Rcf2+ $1 53. Ke1 {[%cal Rb6b8]} Re2+ 54. Kf1 {[%cal Rb6b8]} Ref2+ $1 55. Ke1 {Precision: White = 42%, Black = 63%.} 1/2-1/2

[Event "CEZ Chess Trophy 2017"]
[Site "Prague"]
[Date "2017.06.17"]
[Round "1.12"]
[White "Ivanchuk, Vassily"]
[Black "Navara, David"]
[Result "1/2-1/2"]
[WhiteElo "2738"]
[BlackElo "2737"]
[Annotator "TA"]
[PlyCount "60"]
[EventDate "2017.??.??"]
[EventType "match"]
[EventCountry "CZE"]
[SourceTitle "playchess.com"]
[Source "ChessBase"]
[SourceQuality "1"]

{[%evp 15,60,13,21,-13,0,-18,-10,-4,0,-13,-9,-1,0,-37,-50,-22,-26,-42,-50,-61,-55,-239,-229,-228,-83,-72,-73,-56,-57,-70,3,4,45,47,50,31,30,34,26,24,21,0,0,0,25,0,0]} 1. e4 c6 2. d4 d5 3. f3 Qb6 4. Nc3 dxe4 5. Nxe4 Bf5 6. c3 {B12: Caro-Kann: Advance Variation} Nd7 7. Bd3 Bg6 8. Ne2 Ngf6 {LiveBook: 3 Games} 9. Qb3 $146 ({Predecessor:} 9. Be3 e6 10. Qd2 Qc7 11. O-O-O {½-½ (35) Ramirez,A (2549)-Rozum,I (2601) Moscow 2017}) 9... O-O-O 10. Bg5 Nxe4 11. Bxe4 Bxe4 12. fxe4 f6 13. Be3 e5 14. Ng3 exd4 15. cxd4 Bd6 16. Kf2 Rhe8 17. Qc2 g6 {White must now prevent ...f5!} 18. Rac1 $2 {[#]} (18. Rhd1 $15) 18... f5 $1 $19 {[%cal Rf5f4]} 19. d5 c5 (19... Qb5 $19 {has better winning chances. aiming for ...Nf6.} 20. Kg1 (20. Bxa7 Ne5 $17) 20... Ne5 21. dxc6 Nxc6 22. Bxa7 Bf4) 20. exf5 $17 Nf6 {[%cal Bd7f6,Bf6g4,Bg4e3][%mdl 32] Threatens to win with ...Ng4+.} 21. Bxc5 Ng4+ 22. Kf1 $1 Bxc5 (22... Qa6+ $1 $15 23. Qc4 Qxc4+ 24. Rxc4 Ne5) 23. Qxc5+ $11 Kb8 24. Qxb6 axb6 25. h3 Ne3+ 26. Kf2 Rxd5 {Threatening ...Rd2+.} 27. Rhe1 Rd2+ $1 28. Kf3 (28. Re2 $5 {[%cal Re2d2]} Nd1+ 29. Ke1 Rdxe2+ 30. Nxe2 Nxb2 31. Rb1 $11) 28... Rd3 29. Kf2 {[#] Hoping for Nf1.} Rd2+ $1 30. Kf3 Rd3 {Precision: White = 33%, Black = 54%.} 1/2-1/2